|
|
|
|
| LEADER |
00000nab a2200000 a 4500 |
| 001 |
vtls000634871 |
| 003 |
SK-MaSNL |
| 005 |
20260304094929.0 |
| 008 |
250425c1995 xo 0 slo |
| 015 |
|
|
|a SNBRB19rr/mm-uuuuu
|
| 035 |
|
|
|a CL0635010
|
| 035 |
|
|
|a (urnnbn)urn:nbn:sk:snk:ar-006r3t
|
| 035 |
|
|
|a (uuid)a3c437bd-2803-4c09-9d7b-79998daaed9c
|
| 035 |
|
|
|a urn:nbn:sk:snk-ab88wb
|
| 040 |
|
|
|a SNKBUCL
|b slo
|c SNKBUCL
|e AACR2
|
| 041 |
0 |
|
|a slo
|
| 044 |
|
|
|a xo
|c SK
|
| 080 |
|
|
|a 528.921:912:58
|2 1981
|
| 080 |
|
|
|a 912
|2 1981
|
| 080 |
|
|
|a 58
|2 1981
|
| 100 |
1 |
|
|a Pravda, Ján,
|d 1934-2010
|4 aut
|9 102220
|
| 245 |
1 |
0 |
|a Kombinácia počítačového a klasického spracovania mapy foriem krajinného krytu
|c Ján Pravda
|
| 300 |
|
|
|b Obr.
|
| 504 |
|
|
|a Bibliogr. odkazy
|
| 650 |
0 |
7 |
|a krajinný kryt
|2 snkbucl
|9 1386911
|
| 650 |
0 |
7 |
|a mapy
|2 snkbucl
|9 871
|
| 773 |
0 |
|
|t Geodetický a kartografický obzor
|g Roč. 41/83, č. 8 (1995), s. 161-165
|x 0016-7096
|
| 850 |
|
|
|a Slovenská národná knižnica
|
| 852 |
|
|
|a Slovenská národná knižnica
|
| 954 |
|
|
|a odborná, vedecká literatúra pôvodná (slovenská)
|2 lita
|
| 958 |
|
|
|a article9
|
| 958 |
|
|
|a NB
|
| 958 |
|
|
|a OND
|
| 958 |
|
|
|a EUIPO
|
| 999 |
|
|
|c 2829763
|d 2831693
|